The Golden Age of Television : The Comedian, Days of Wine and Roses /

Antología que reúne, en tres volúmenes, ocho producciones norteamericanas en blanco y negro transmitidas en vivo entre 1953 y 1958, durante la Edad de Oro de la televisión estadounidense, situada de fines de la década de 1940 a inicios de los años 1960. Con una duración cercana a una hora, generalme...

Бүрэн тодорхойлолт

-д хадгалсан:
Номзүйн дэлгэрэнгүй
Бусад зохиолчид: Frankenheimer, John (realización) (realización), Rooney, Mickey (actuación) (actuación), Hunter, Kim (actuación) (actuación), O'Brien, Edmond (actuación) (actuación), Robertson, Cliff (actuación) (actuación), Laurie, Piper (actuación) (actuación), Bickford, Charles (actuación) (actuación), Simon, Ron (texto del folleto y notas) (texto del folleto y notas)
Формат: Гулсуулах
Хэл сонгох:англи
Цуврал:(Criterion Collection ; 495/3)
Нөхцлүүд:
Шошгууд: Шошго нэмэх
Шошго байхгүй, Энэхүү баримтыг шошголох эхний хүн болох!

MARC

LEADER 00000ngm^a2200000^a^4500
001 000300966
005 20251020000000.0
009 20260310112530.399
020 |a 978-1-60465-178-2 
037 |a Acervo ITESO - Biblioteca 
041 |a ING 
082 |a 808. 8  |b CRI V. 495 T. 3 
240 1 5 |a [The Golden Age of Television] 
240 1 1 |a [Playhouse 90] 
240 1 4 |a [The Comedian] 
240 1 1 |a [Días de vino y rosas] 
245 0 4 |a The Golden Age of Television :  |b The Comedian, Days of Wine and Roses /  |c Realización de J. Frankenheimer. 
264 2 |a Nueva York, EUA :  |b Criterion Collection [distribución],  |c 2009, c2009 
300 |a 1 DVD región 1 (74, 80 min.) :  |b blanco y negro +  |e 1 folleto (34 p.) 
336 |a imagen móvil bidimensional  |b tdi  |2 rdacontenido 
337 |a video  |b v  |2 rdamedio 
338 |a videodisco  |b vd  |2 rdasoporte 
440 1 |a (Criterion Collection ;  |v 495/3) 
500 |a Basado en: The Comedian, de Ernest Lehman 
520 |a Antología que reúne, en tres volúmenes, ocho producciones norteamericanas en blanco y negro transmitidas en vivo entre 1953 y 1958, durante la Edad de Oro de la televisión estadounidense, situada de fines de la década de 1940 a inicios de los años 1960. Con una duración cercana a una hora, generalmente se trataba de dramas originales o adaptados de obras clásicas de la literatura universal, aunque el público prefirió las primeras, al ver reflejada su vida cotidiana en la pantalla chica. Los ocho títulos seleccionados pertenecen a series semanales que estaban patrocinadas por alguna compañía comercial y, por lo tanto, llevaban su nombre, pero se trataba de programas unitarios e independientes de los episodios que eran emitidos anterior y posteriormente. El tercer volumen está formado por The Comedian (1957, 74 min.) y Days of Wine and Roses (1958, 80 min.), dos trabajos dirigidos por el neoyorkino John Frankenheimer (1930-2002) para la serie Playhouse 90. El primero fue escrito por Rod Serling (1924-75), con base en la novela corta homónima (1957) del neoyorkino Ernest Lehman (1915-2005), y el segundo es un guión original de J.P. Miller (1919-2001), luego también trasladado al cine en la película (1962) dirigida por Blake Edwards (1922-2010). 
546 |a En inglés, con subtítulos opcionales: inglés 
649 |a XX 
650 |a Actores en la Televisión 
650 |a Alcohólicos en la Televisión 
650 |a Alcohólicos -  |x Rehabilitación 
650 |a Enfermos en la Televisión 
650 |a Grupos de Autoayuda en la Televisión 
650 |a Telefilmes 
650 |a Series Dramáticas 
650 |a Series de Televisión 
650 |a Televisión en la Televisión 
650 |a Televisión en Blanco y Negro -  |z EUA 
650 |a Televisión -  |z EUA -  |x Industria y Comercio 
650 |a Televisión -  |z EUA -  |y 1950-1959 
650 |a Televisión -  |z EUA -  |y Siglo XX 
650 |a Cuentos Norteamericanos -  |x Adaptaciones para Televisión 
650 |a Novela Norteamericana -  |x Adaptaciones para Televisión 
650 |a Literatura Norteamericana -  |y Siglo XX -  |x Adaptaciones para Televisión 
650 |a Literatura y Televisión 
650 |a Egoísmo 
650 |a Abuso de Poder 
650 |a Relaciones Empleado-Empleador 
650 |a Relaciones Laborales 
650 |a Relaciones entre Hermanos 
650 |a Alcoholismo -  |x Rehabilitación 
650 |a Alcoholismo -  |x Tema Principal 
650 |a Adicciones 
650 |a Dependencia Psicológica 
650 |a Conducta Autodestructiva 
650 |a Matrimonio 
650 |a Relaciones de Pareja 
650 |a Relaciones Intergénero 
740 4 |a The Comedian /  |c Realización de J. Frankenheimer. 
740 0 |a Days of Wine and Roses /  |c Realización de J. Frankenheimer. 
740 4 |a The Golden Age of Television, Act III /  |c Texto del folleto de R. Simon. 
740 4 |a The Programs [of The Golden Age of Television] /  |c Notas de R. Simon. 
700 |a Frankenheimer, John  |e (realización) 
700 |a Rooney, Mickey  |e (actuación) 
700 |a Hunter, Kim  |e (actuación) 
700 |a O'Brien, Edmond  |e (actuación) 
700 |a Robertson, Cliff  |e (actuación) 
700 |a Laurie, Piper  |e (actuación) 
700 |a Bickford, Charles  |e (actuación) 
700 |a Simon, Ron  |e (texto del folleto y notas) 
910 |a Fondo General 
920 |a Audiovisuales - DVDs 
940 |a Películas 
905 |a 308 
901 |a 0500198501  |b IT2  |c DVR  |i C123674  |u 20250521 
901 |a 0500198504  |b IT2  |c MIN  |i C123674  |u 20251020 
902 |a https://opac.biblio.iteso.mx/vufind/Record/000300966